[Event "Int SVK-ch Open 2020"]
[Site "Drienica"]
[Date "2020.08.11"]
[Round "5.21"]
[White "Magda, Filip"]
[Black "Cisarik, Pavol"]
[Result "1-0"]
[WhiteElo "1266"]
[BlackElo "1646"]
[Annotator "NA RC"]
[PlyCount "129"]
[EventDate "2020.08.07"]
[EventType "swiss"]
[EventCountry "SVK"]
[SourceTitle "playchess.com"]
[Source "ChessBase"]
[SourceQuality "1"]
[TimeControl "40/5400+30:1800+30"]

1. e4 {[%emt 0:00:09]} e5 {[%emt 0:00:00]} 2. Nf3 {[%emt 0:01:06]} Nc6 {[%emt 0:00:00]} 3. d4 {[%emt 0:01:21]} exd4 {[%emt 0:00:12]} 4. Nxd4 {[%emt 0:00:08]} Nf6 {[%emt 0:00:07]} 5. Nxc6 {[%emt 0:01:38]} bxc6 {[%emt 0:00:04]} 6. Nc3 {[%emt 0:01:28]} Bb4 {[%emt 0:01:04]} 7. Qd3 {[%emt 0:01:06]} Qe7 {[%emt 0:02:47]} 8. Bd2 {[%emt 0:04:07]} O-O {[%emt 0:05:40]} 9. f3 {[%emt 0:06:04]} d5 {[%emt 0:03:06]} 10. Be2 {[%emt 0:06:58]} Bb7 {[%emt 0:07:21]} 11. exd5 {[%emt 0:02:57]} cxd5 {[%emt 0:00:14]} 12. O-O {[%emt 0:00:34]} c5 {[%emt 0:03:02]} 13. Bg5 {[%emt 0:06:41]} Bxc3 {[%emt 0:10:19]} 14. bxc3 {[%emt 0:00:55]} h6 {[%emt 0:03:39]} 15. Bh4 {[%emt 0:01:48]} Rfe8 {[%emt 0:00:40]} 16. Rfe1 {[%emt 0:02:26]} Qd6 {[%emt 0:08:29]} 17. Bg3 {[%emt 0:02:35]} Qc6 {[%emt 0:03:04]} 18. Qb5 {[%emt 0:02:22]} Re6 {[%emt 0:06:14]} 19. Rab1 {[%emt 0:03:33]} Qxb5 {[%emt 0:01:37]} 20. Bxb5 {[%emt 0:01:22]} Rc8 {[%emt 0:07:34]} 21. Rxe6 {[%emt 0:02:58]} fxe6 {[%emt 0:00:01]} 22. Be5 {[%emt 0:00:34]} Kf7 {[%emt 0:02:17]} 23. Bd7 {[%emt 0:05:40]} Nxd7 {[%emt 0:00:34]} 24. Rxb7 {[%emt 0:00:07]} Ke8 {[%emt 0:02:54]} 25. Bxg7 {[%emt 0:00:36]} h5 {[%emt 0:00:20]} 26. Rxa7 {[%emt 0:00:41]} Rb8 {[%emt 0:00:40]} 27. c4 {[%emt 0:12:09]} d4 {[%emt 0:00:34]} 28. Bh6 {[%emt 0:07:00]} Rb2 {[%emt 0:00:41]} 29. Ra8+ {[%emt 0:01:17]} Ke7 {[%emt 0:00:54]} 30. Bg5+ {[%emt 0:01:00]} Kd6 {[%emt 0:00:57]} 31. Bf4+ {[%emt 0:01:38]} e5 {[%emt 0:01:20]} 32. Ra6+ {[%emt 0:01:51]} Kc7 {[%emt 0:04:31]} 33. Ra7+ {[%emt 0:01:35]} Kc8 {[%emt 0:00:52]} 34. Bg5 {[%emt 0:02:58]} Rxc2 {[%emt 0:00:49]} 35. Ra8+ {[%emt 0:01:35]} Kb7 {[%emt 0:01:33]} 36. Rd8 {[%emt 0:00:45]} Kc7 {[%emt 0:01:18]} 37. Ra8 {[%emt 0:03:44]} Kb7 {[%emt 0:01:06]} 38. Rd8 {[%emt 0:00:36]} Nb6 {[%emt 0:01:23]} 39. Be7 {[%emt 0:01:45]} Rxc4 {[%emt 0:01:25]} 40. Bf6 {[%emt 0:00:00]} Ra4 {[%emt 0:00:00]} 41. Bxe5 {[%emt 0:04:04]} Rxa2 {[%emt 0:02:25]} 42. Kf1 {[%emt 0:01:21]} Nc4 {[%emt 0:01:26]} 43. Bf4 {[%emt 0:01:21]} Kc6 {[%emt 0:09:53]} 44. g4 {[%emt 0:01:14]} hxg4 {[%emt 0:00:38]} 45. fxg4 {[%emt 0:00:12]} Nb6 {[%emt 0:02:20]} 46. g5 {[%emt 0:01:10]} Nd5 {[%emt 0:00:35]} 47. Rd6+ {[%emt 0:00:19]} Kb5 {[%emt 0:00:36]} 48. Rxd5 {[%emt 0:00:26]} Kc4 {[%emt 0:00:01]} 49. Rd8 {[%emt 0:00:49]} Kd3 {[%emt 0:00:26]} 50. g6 {[%emt 0:01:30]} Ke4 {[%emt 0:00:02]} 51. Rf8 {[%emt 0:02:06]} Ra7 {[%emt 0:01:28]} 52. Rf7 {[%emt 0:00:50]} Ra1+ {[%emt 0:00:23]} 53. Kg2 {[%emt 0:01:24]} Ra2+ {[%emt 0:00:39]} 54. Kh3 {[%emt 0:00:47]} Ra8 {[%emt 0:00:52]} 55. g7 {[%emt 0:01:56]} Rg8 {[%emt 0:00:06]} 56. Bh6 {[%emt 0:00:13]} d3 {[%emt 0:00:37]} 57. Rf4+ {[%emt 0:02:10]} Ke5 {[%emt 0:00:33]} 58. Rf8 {[%emt 0:01:17]} Rxg7 {[%emt 0:00:16]} 59. Bxg7+ {[%emt 0:00:11]} Ke4 {[%emt 0:00:18]} 60. Rd8 {[%emt 0:00:36]} Ke3 {[%emt 0:00:21]} 61. Kg4 {[%emt 0:00:39]} c4 {[%emt 0:00:14]} 62. h4 {[%emt 0:00:48]} Ke2 {[%emt 0:00:22]} 63. h5 {[%emt 0:00:18]} d2 {[%emt 0:00:18]} 64. Rxd2+ {[%emt 0:00:15]} Kxd2 {[%emt 0:00:02]} 65. h6 {[%emt 0:00:16]} 1-0

[Event "Int SVK-ch Open 2020"]
[Site "Drienica"]
[Date "2020.08.13"]
[Round "5.22"]
[White "Geffert Peter"]
[Black "Ferkova Dominika"]
[Result "1-0"]
[WhiteElo "1857"]
[BlackElo "2111"]
[Annotator "TA"]
[PlyCount "79"]
[EventDate "2020.08.07"]
[EventType "swiss"]
[EventCountry "SVK"]

{[%evp 15,79,0,0,-1,5,-19,-5,-9,0,-10,14,-2,26,17,54,47,111,114,186,195,239,231,208,217,287,135,134,51,175,183,184,186,309,323,318,318,299,299,347,337,342,336,332,328,365,331,411,402,400,440,432,423,452,441,413,375,789,771,778,741,1347,1266,1218,1127,1265,1391]} 1. e4 c6 2. d4 d5 3. Nc3 dxe4 4. Nxe4 Bf5 5. Ng3 Bg6 6. N1e2 Nf6 7. Nf4 e5 8. Nxg6 hxg6 9. Be3 {B18: Classical Caro-Kann: 4...Bf5 sidelines.} Nbd7 10. c3 Bd6 11. Bc4 {The position is equal.} Nb6 12. Bb3 Qc7 13. Qf3 O-O-O {[#]} 14. O-O-O $146 ({Predecessor:} 14. dxe5 Bxe5 15. O-O Kb8 16. Bg5 Nbd5 17. Rfe1 Bf4 18. Bxf4 Nxf4 19. Rad1 N6d5 20. h3 {1-0 (40) Margarido,J (1970)-Silva,M (1624) Famalicao 2013}) 14... exd4 15. Bxd4 Bf4+ (15... Rhe8 $14) 16. Kb1 $16 Bg5 (16... Kb8 $16) 17. Rhe1 $1 $18 c5 {[#]} 18. Be5 $1 {[%cal Re5c7]} Rxd1+ 19. Qxd1 Qd7 {[#]} 20. Qxd7+ (20. Bxf7 $1 $18 {[%mdl 512] has better winning chances.} Rf8 (20... Qxf7 21. Qd6) 21. Bxg6 Qxd1+ 22. Rxd1) 20... Nbxd7 $16 21. Bxf7 (21. f4 $16 Nxe5 22. fxe5 (22. fxg5 Nfd7 $11)) 21... Rxh2 {Now Black is done in.} (21... Bd2 $1 $14 22. Re2 Nxe5 23. Rxe5 Rxh2) 22. Be6 $36 {[%mdl 2048] White has strong initiative.} ({But not} 22. Bxg6 $6 Bd2 $14) 22... Kd8 23. Rd1 Ke7 (23... Ke8 {was worth a try.}) 24. Bxd7 $1 Nxd7 {[#]} 25. Nf5+ $1 {[%mdl 576] Discovered Attack} gxf5 26. Bxh2 {[%mdl 4096] Endgame KRB-KBN} Bh4 27. f3 Bf6 28. Re1+ Kf7 29. Bd6 g5 30. Kc2 a6 31. b3 {[%cal Bb2b3,Bb3b4][%mdl 32]} b6 32. a4 b5 33. Kd3 Bd8 34. axb5 axb5 35. b4 c4+ $2 (35... cxb4 36. Bxb4 Bf6) 36. Kd4 {White is clearly winning.} Bf6+ 37. Kd5 Kg6 38. Kc6 {[%mdl 64] Double Attack} Bxc3 39. Re6+ Nf6 40. Kxb5 {Accuracy: White = 82%, Black = 31%.} 1-0

[Event "Int SVK-ch Open 2020"]
[Site "Drienica"]
[Date "2020.08.11"]
[Round "5.22"]
[White "Sevcik, Lubomir"]
[Black "Horbalova, Ivana"]
[Result "1-0"]
[WhiteElo "1748"]
[BlackElo "1311"]
[Annotator "NA"]
[PlyCount "75"]
[EventDate "2020.08.07"]
[EventType "swiss"]
[EventCountry "SVK"]
[SourceTitle "playchess.com"]
[Source "ChessBase"]
[SourceQuality "1"]
[TimeControl "40/5400+30:1800+30"]

1. Nf3 f5 2. d4 e6 3. Bg5 Be7 4. Bxe7 Nxe7 5. e3 b6 6. Ne5 Ba6 7. Qf3 d5 8. Qh5+ g6 9. Qh6 Rf8 10. Bxa6 Nxa6 11. Qxh7 Nb4 12. Na3 Qd6 13. c3 O-O-O 14. Nf7 Rxf7 15. Qxf7 Nd3+ 16. Ke2 Nxb2 17. Nc2 Qd7 18. Kf3 Nc4 19. g3 Nd6 20. Qh7 Ne4 21. Kg2 Nxc3 22. Ne1 Ne4 23. Nf3 Re8 24. Rhc1 Qb5 25. Rc2 g5 26. Qf7 Nd6 27. Qxe6+ Kb7 28. Rac1 Nc4 29. Ne5 Nc8 30. Qf7 N8d6 31. Qh5 f4 32. Qxg5 fxe3 33. fxe3 Ne4 34. Qf4 Qa4 35. Nxc4 dxc4 36. Rxc4 Qxa2+ 37. R1c2 Qb3 38. Qxc7+ 1-0

[Event "Int SVK-ch Open 2020"]
[Site "Drienica"]
[Date "2020.08.13"]
[Round "5.23"]
[White "Stanko Ivan"]
[Black "Kardis Benjamin"]
[Result "0-1"]
[WhiteElo "1848"]
[BlackElo "2042"]
[Annotator "TA"]
[PlyCount "62"]
[EventDate "2020.08.07"]
[EventType "swiss"]
[EventCountry "SVK"]

{[%evp 14,62,8,0,0,0,0,-17,-8,-8,-8,-10,13,-15,-14,-25,-10,-20,-10,-11,-11,-13,-8,-20,-16,-16,-19,-21,-12,-37,-23,-37,-29,-102,-108,-202,-197,-720,-511,-493,-478,-659,-629,-626,-615,-651,-650,-600,-604,-860,-857]} 1. e4 c6 2. Nc3 d5 3. Nf3 dxe4 4. Nxe4 Nf6 5. Nxf6+ exf6 6. d4 Bd6 7. Bc4 O-O 8. O-O Na6 {[%cal Bb8a6,Ba6c7,Bc7e6][%mdl 32] 8...Re8 is the modern continuation. B15: Caro-Kann: 3 Nc3: 3...g6 and 3...dxe4 4 Nxe4 Nf6 5 Nxf6+ exf6.} 9. c3 Nc7 {[#]} 10. a4 $146 ({Predecessor:} 10. Re1 Bg4 11. Qd3 Qd7 12. Nh4 Nd5 13. Bb3 Rfe8 14. Bd2 Bc7 15. g3 f5 16. f4 {1-0 (33) Koval,A (2075)-Kardis,B (2019) Slovakia 2020}) 10... Bg4 {The position is equal.} 11. h3 Bh5 12. Bd3 Ne6 13. Re1 Re8 14. Be3 Bc7 15. Be2 Qd6 {Strongly threatening ...Bxf3.} 16. g3 Rad8 17. Qb3 b6 18. Rad1 g5 19. c4 Ng7 20. g4 Bg6 21. Bd3 (21. c5 $5 {[%cal Rc5d6]} Qd7 22. d5 $11) 21... Bxd3 22. Qxd3 h6 23. Qc3 (23. Bd2 $11) 23... f5 $17 24. d5 {[#]} (24. gxf5 $17 Nxf5 25. Qd3) 24... fxg4 $1 $19 25. dxc6 $2 (25. hxg4 Qd7 26. Nh2) 25... Qxc6 {Black is clearly winning.} 26. Rxd8 Rxd8 ({Weaker is} 26... Bxd8 27. Ne5 $17) 27. Nd4 Qd6 28. hxg4 Qh2+ 29. Kf1 Qh3+ {[%mdl 64] [#] Double Attack} 30. Ke2 Qxg4+ 31. Kd2 Be5 {Accuracy: White = 49%, Black = 97%.} 0-1

[Event "Int SVK-ch Open 2020"]
[Site "Drienica"]
[Date "2020.08.11"]
[Round "5.23"]
[White "Andras, Anton"]
[Black "Tomcik, Milan"]
[Result "0-1"]
[WhiteElo "1584"]
[BlackElo "1963"]
[Annotator "ChessBase"]
[PlyCount "46"]
[EventDate "2020.08.07"]
[EventType "swiss"]
[EventCountry "SVK"]
[SourceTitle "playchess.com"]
[Source "ChessBase"]
[SourceQuality "1"]
[TimeControl "40/5400+30:1800+30"]

1. d4 Nf6 2. Bf4 d6 3. Nf3 g6 4. c3 Bg7 5. Nbd2 O-O 6. h3 Nbd7 7. e3 Re8 8. Be2 e5 9. Bg5 h6 10. Bh4 c5 11. Ne4 Qc7 12. Nxf6+ Nxf6 13. O-O Bf5 14. Re1 a6 15. Bg3 Nh7 16. Qd2 Rad8 17. Rad1 Qe7 18. Bc4 e4 19. Nh2 h5 20. Nf1 h4 21. Bh2 Ng5 22. Bf4 Bxh3 23. gxh3 Nf3+ 0-1

[Event "Int SVK-ch Open 2020"]
[Site "Drienica"]
[Date "2020.08.13"]
[Round "5.24"]
[White "Varga, Lukas"]
[Black "Sosovickova Jana"]
[Result "1-0"]
[WhiteElo "2000"]
[BlackElo "1829"]
[Annotator "ChessBase"]
[PlyCount "111"]
[EventDate "2020.08.07"]
[EventType "swiss"]
[EventCountry "SVK"]
[TimeControl "40/5400+30:1800+30"]

1. e4 {[%emt 0:00:00]} e5 {[%emt 0:02:01]} 2. Nf3 {[%emt 0:00:00]} Nc6 {[%emt 0:00:09]} 3. Bb5 {[%emt 0:00:00]} a6 {[%emt 0:00:28]} 4. Ba4 {[%emt 0:00:00]} Nf6 {[%emt 0:00:43]} 5. O-O {[%emt 0:00:04]} b5 {[%emt 0:00:59]} 6. Bb3 {[%emt 0:00:06]} Bc5 {[%emt 0:01:10]} 7. Nxe5 {[%emt 0:01:36]} Nxe5 {[%emt 0:09:18]} 8. d4 {[%emt 0:00:06]} Bxd4 {[%emt 0:04:35]} 9. Qxd4 {[%emt 0:00:08]} Qe7 {[%emt 0:01:49]} 10. f4 {[%emt 0:13:01]} Nc6 {[%emt 0:05:16]} 11. Qe3 {[%emt 0:02:19]} O-O {[%emt 0:10:31]} 12. e5 {[%emt 0:01:35]} Ng4 {[%emt 0:07:18]} 13. Qf3 {[%emt 0:01:18]} Nh6 {[%emt 0:08:00]} 14. f5 {[%emt 0:02:37]} Qxe5 {[%emt 0:06:49]} 15. f6 {[%emt 0:00:14]} Kh8 {[%emt 0:08:53]} 16. Nc3 {[%emt 0:01:27]} Ng8 {[%emt 0:04:41]} 17. fxg7+ {[%emt 0:01:17]} Qxg7 {[%emt 0:01:08]} 18. Ne4 {[%emt 0:06:16]} Nd4 {[%emt 0:04:18]} 19. Qf2 {[%emt 0:04:58]} Nxb3 {[%emt 0:02:56]} 20. axb3 {[%emt 0:00:08]} d6 {[%emt 0:01:54]} 21. Bd2 {[%emt 0:00:21]} Qg6 {[%emt 0:06:29]} 22. Nf6 {[%emt 0:05:08]} Nxf6 {[%emt 0:02:39]} 23. Bc3 {[%emt 0:00:34]} Bb7 {[%emt 0:02:41]} 24. Bxf6+ {[%emt 0:00:13]} Kg8 {[%emt 0:00:16]} 25. b4 {[%emt 0:00:50]} Rae8 {[%emt 0:01:59]} 26. Ra3 {[%emt 0:00:30]} Re4 {[%emt 0:03:11]} 27. h3 {[%emt 0:00:07]} Rfe8 {[%emt 0:01:23]} 28. Rg3 {[%emt 0:01:08]} Re2 {[%emt 0:00:37]} 29. Rxg6+ {[%emt 0:00:09]} hxg6 {[%emt 0:00:39]} 30. Qg3 {[%emt 0:00:16]} Rxg2+ {[%emt 0:00:49]} 31. Qxg2 {[%emt 0:00:06]} Bxg2 {[%emt 0:00:27]} 32. Kxg2 {[%emt 0:00:00]} Re2+ {[%emt 0:01:03]} 33. Rf2 {[%emt 0:00:16]} Re4 {[%emt 0:00:30]} 34. c3 {[%emt 0:00:40]} c5 {[%emt 0:00:24]} 35. bxc5 {[%emt 0:00:06]} dxc5 {[%emt 0:00:21]} 36. Rd2 {[%emt 0:00:07]} Re8 {[%emt 0:00:30]} 37. Rd8 {[%emt 0:00:30]} Kf8 {[%emt 0:00:30]} 38. Kf3 {[%emt 0:00:30]} Rxd8 {[%emt 0:00:30]} 39. Bxd8 {[%emt 0:00:30]} Ke8 {[%emt 0:00:30]} 40. Bb6 {[%emt 0:00:30]} c4 {[%emt 0:00:30]} 41. Ke4 {[%emt 0:30:04]} Kd7 {[%emt 0:31:01]} 42. Kd5 {[%emt 0:00:20]} g5 {[%emt 0:00:00]} 43. Ke5 {[%emt 0:00:00]} Ke7 {[%emt 0:00:00]} 44. Kf5 {[%emt 0:00:00]} f6 {[%emt 0:00:00]} 45. Bd4 {[%emt 0:00:00]} a5 {[%emt 0:00:00]} 46. Bxf6+ {[%emt 0:00:00]} Kd6 {[%emt 0:00:00]} 47. Bd8 {[%emt 0:00:00]} b4 {[%emt 0:00:00]} 48. Bxa5 {[%emt 0:00:00]} b3 {[%emt 0:00:00]} 49. Ke4 {[%emt 0:00:00]} Kc5 {[%emt 0:00:00]} 50. Bb4+ {[%emt 0:00:00]} Kb5 {[%emt 0:00:00]} 51. Kd5 {[%emt 0:00:00]} Ka4 {[%emt 0:00:00]} 52. Kxc4 {[%emt 0:00:00]} g4 {[%emt 0:00:00]} 53. h4 {[%emt 0:00:00]} g3 {[%emt 0:00:00]} 54. h5 {[%emt 0:00:00]} g2 {[%emt 0:00:00]} 55. Bc5 {[%emt 0:00:00]} Ka5 {[%emt 0:00:00]} 56. h6 {[%emt 0:00:00]} 1-0

[Event "Int SVK-ch Open 2020"]
[Site "Drienica"]
[Date "2020.08.13"]
[Round "5.25"]
[White "Djubek, Boris"]
[Black "Walterova Ema"]
[Result "1/2-1/2"]
[WhiteElo "2024"]
[BlackElo "1790"]
[Annotator "TA"]
[PlyCount "47"]
[EventDate "2020.08.07"]
[EventType "swiss"]
[EventCountry "SVK"]

{[%evp 12,47,45,32,43,-16,35,27,52,37,41,20,22,26,19,0,18,0,0,-29,-19,-51,13,0,0,-156,-140,-288,-314,-594,-106,-65,-15,-10,-16,-7,38,42]} 1. d4 d5 2. Nf3 Nf6 3. c4 e6 4. Nc3 Be7 5. Bf4 c6 6. e3 Nbd7 7. h3 h6 {[#] D37: Queen's Gambit Declined: 5 Bf4.} 8. g4 $146 (8. cxd5 $14 Nxd5 9. Nxd5 exd5 10. Bd3) ({Predecessor:} 8. Qb3 Qb6 9. c5 Qxb3 10. axb3 Ne4 11. b4 O-O 12. b5 g5 13. Bh2 Nxc3 14. bxc3 cxb5 15. Bxb5 {1-0 (28) Bolintis,M (2077)-Ferentiu,R (1549) Gilau 2018}) 8... b6 (8... dxc4 $11 9. Bxc4 O-O) 9. cxd5 $14 exd5 {White has an edge.} 10. Bd3 Bb7 11. O-O O-O 12. Rc1 Re8 13. Bg3 a6 14. Bb1 c5 15. Nd2 Nf8 16. Qf3 Ng6 (16... Ne6 $15) 17. Ne2 Bd6 18. Nf4 $2 {[#]} (18. Rfd1 $11) 18... Ne4 $1 $17 {[%cal Re4d2]} 19. Rfd1 (19. Rcd1 $17) 19... cxd4 $19 {...Ng5 is the strong threat.} 20. exd4 $2 (20. Nf1 {might work better.} Qf6 21. Rxd4) 20... Nxd2 $2 (20... Ng5 $19 {is more deadly.} 21. Qg2 Nxf4 22. Bxf4 Bxf4) 21. Rxd2 $17 Nxf4 22. Bxf4 Qf6 23. Bf5 Re7 24. Bxd6 {Accuracy: White = 44%, Black = 56%.} 1/2-1/2

[Event "Int SVK-ch Open 2020"]
[Site "Drienica"]
[Date "2020.08.11"]
[Round "5.25"]
[White "Kapolkova, Greta"]
[Black "Magda, Juraj"]
[Result "1-0"]
[WhiteElo "1545"]
[BlackElo "1261"]
[Annotator "NA"]
[PlyCount "37"]
[EventDate "2020.08.07"]
[EventType "swiss"]
[EventCountry "SVK"]
[SourceTitle "playchess.com"]
[Source "ChessBase"]
[SourceQuality "1"]
[TimeControl "40/5400+30:1800+30"]

1. e4 {[%emt 0:00:00]} c5 {[%emt 0:00:00]} 2. Nf3 {[%emt 0:00:00]} Nc6 {[%emt 0:00:00]} 3. d4 {[%emt 0:00:12]} cxd4 {[%emt 0:00:00]} 4. Nxd4 {[%emt 0:00:10]} g6 {[%emt 0:00:06]} 5. Be2 {[%emt 0:00:57]} Bg7 {[%emt 0:00:12]} 6. Nb3 {[%emt 0:00:14]} d6 {[%emt 0:01:18]} 7. O-O {[%emt 0:01:12]} Nf6 {[%emt 0:06:32]} 8. Nc3 {[%emt 0:00:12]} O-O {[%emt 0:00:37]} 9. Bg5 {[%emt 0:00:33]} Bd7 {[%emt 0:02:52]} 10. f4 {[%emt 0:01:02]} Qb6+ {[%emt 0:02:40]} 11. Kh1 {[%emt 0:00:19]} Be6 {[%emt 0:08:32]} 12. Bf3 {[%emt 0:01:13]} Bxb3 {[%emt 0:02:34]} 13. axb3 {[%emt 0:00:16]} Nd4 {[%emt 0:02:41]} 14. Na4 {[%emt 0:01:10]} Qb4 {[%emt 0:05:17]} 15. c3 {[%emt 0:03:54]} Qxb3 {[%emt 0:00:35]} 16. cxd4 {[%emt 0:00:34]} Qb4 {[%emt 0:03:47]} 17. Qd3 {[%emt 0:01:31]} h6 {[%emt 0:07:59]} 18. Bh4 {[%emt 0:00:39]} e6 {[%emt 0:01:09]} 19. Be1 {[%emt 0:00:25]} 1-0

[Event "Int SVK-ch Open 2020"]
[Site "Drienica"]
[Date "2020.08.13"]
[Round "6.1"]
[White "Majek, Kacper"]
[Black "Czebe, Attila"]
[Result "1/2-1/2"]
[WhiteElo "1970"]
[BlackElo "2378"]
[Annotator "TA"]
[PlyCount "124"]
[EventDate "2020.08.07"]
[EventType "swiss"]
[EventCountry "SVK"]

{[%evp 12,124,14,22,28,28,36,0,-5,-37,-40,-66,-47,-46,-36,-47,-47,-47,-47,-47,-51,-43,-56,-46,0,0,0,0,0,0,4,-14,-16,-35,-37,-53,-35,-65,-18,-19,-18,-22,-28,-64,-53,-58,0,0,0,-24,-24,-24,-24,-27,-23,-24,-22,-22,-22,-25,-25,-116,-113,-116,-118,-106,-108,-102,-79,-79,-79,-67,-70,-83,-76,-72,0,-94,-80,-108,-90,-993,0,0,143,134,384,-1597,41,-57,12,0,0,0,0,-16,-19,-39,0,-5627,16,16,677,35,624,-24,-8,-31,0,0,0,-425,-1,-225,514]} 1. d4 d6 2. e4 g6 3. Nf3 Bg7 4. Be2 Nf6 5. Nbd2 O-O 6. O-O Nbd7 7. c3 e5 {B07: Pirc Defence: Miscellaneous Systems.} 8. Qc2 c6 9. b3 {[#]} Re8 $146 {The position is equal.} ({Predecessor:} 9... Nh5 10. Nc4 Nb6 11. Rd1 Nxc4 12. Bxc4 Qc7 13. Bb2 Bg4 14. Be2 Nf4 15. h3 Be6 {0-1 (74) Benczik,L-Kiss,G (2252) Hungary 2011}) 10. Ba3 d5 11. dxe5 Nxe5 12. Nxe5 Rxe5 13. f4 Rxe4 14. Nxe4 Nxe4 15. Bd3 Bf5 16. Bb2 Qb6+ 17. Kh1 Nf2+ 18. Qxf2 Bxd3 19. Qxb6 axb6 20. Rf2 Re8 21. Rd1 b5 22. Kg1 Bf5 {[%mdl 1024] Black has compensation.} 23. Rfd2 h5 24. Kf2 Ra8 25. Ra1 Bh6 26. g3 Bf8 27. b4 Be4 28. Re2 Bd6 (28... Be7 $15) 29. Bc1 $1 $11 f6 30. Be3 Ra3 31. Bd4 Kf7 32. Rb2 Ke6 33. Rb3 Ra8 34. Rb2 {[#]} h4 $1 {[%mdl 512]} 35. Rg1 (35. gxh4 Bxf4) 35... Ra3 36. Ke3 {[#]} (36. Rc1 $11 {keeps the balance.}) 36... b6 $1 $17 {[%mdl 512]} 37. Bxb6 Rxc3+ 38. Ke2 Rc4 39. a3 hxg3 40. hxg3 Rc3 41. Ra2 Rb3 42. Be3 Bd3+ 43. Kf2 Be4 (43... Kf5 $17) 44. Re1 (44. Ke2 $1 $11 {remains equal.}) 44... Kf5 45. Raa1 Kg4 46. Reb1 $2 {[%mdl 8192]} (46. Red1 $17) 46... Rc3 $2 (46... Bxb1 $19 47. Bc5 Bxc5+ 48. bxc5 Be4) 47. Rc1 $11 Rxc1 (47... Rd3 $11) 48. Rxc1 {[%mdl 4096] Endgame KRB-KB} g5 $2 (48... d4 $16 49. Bxd4 g5) 49. Rh1 $4 {[%mdl 8192]} (49. Rxc6 $18 Bf8 50. Rxf6) 49... gxf4 $2 (49... Bxh1 $19 50. Kg1 gxf4 51. gxf4 Bxf4) 50. Bxf4 {[#]} ({White should play} 50. Rh4+ $14 Kf5 51. gxf4 (51. Bxf4 Be5 $11)) 50... Be5 ({Black should try} 50... Bc5+ $1 $15 {[%mdl 512]} 51. bxc5 Bxh1) 51. Rh6 Bb2 52. Be3 Kf5 53. Rh4 Bxa3 54. Bc5 Ke6 55. Rh7 $2 {[%mdl 8192]} (55. Rh8 $11) 55... d4 $2 (55... Bxh7 $19 56. Ke3 Bc1+ 57. Ke2 Bb2) 56. Re7+ Kf5 $2 {[%mdl 8192] [#]} (56... Kd5 $11) 57. Bxd4 $2 ({White must play} 57. g4+ $1 $18 {[%mdl 512]} Kf4 (57... Kxg4 58. Rxe4+) 58. Bd6+ Kxg4 59. Rxe4+ {[%mdl 64] Double Attack} Kf5 60. Rxd4) 57... Bxb4 $2 {[%mdl 8192] [#]} (57... Bd5 $14) 58. Rh7 $2 (58. g4+ $1 $18 {[%mdl 512]} Kxg4 59. Rxe4+ Kf5 60. Re2) 58... Bd2 59. Bc5 b4 60. Ke2 Bc3 {And now ...b3 would win.} 61. Rh4 $2 {[%mdl 8192]} (61. Rb7 $11) 61... Be5 $2 ({Better is} 61... b3 $19 {aiming for ...b2.} 62. Ba3 b2 63. Bxb2 Bxb2 64. Rf4+ Ke5) 62. Kd2 $2 (62. Ke3 $11 {and White stays safe.} Bd5 63. Rxb4) 62... Ke6 $4 {[%mdl 40960] Accuracy: White = 53%, Black = 56%. . An unexpected result.} ({Don't play} 62... Bxg3 63. Rh3 $17) (62... b3 $19 {and life is good for Black.} 63. Rh5+ Kg6 64. Rxe5 b2 65. Rxe4 b1=Q) 1/2-1/2

[Event "Int SVK-ch Open 2020"]
[Site "Drienica"]
[Date "2020.08.12"]
[Round "6.1"]
[White "Furman, Slavomir"]
[Black "Djubek, Boris"]
[Result "1/2-1/2"]
[WhiteElo "1754"]
[BlackElo "2019"]
[Annotator "TA"]
[PlyCount "83"]
[EventDate "2020.08.07"]
[EventType "swiss"]
[EventCountry "SVK"]
[SourceTitle "playchess.com"]
[Source "ChessBase"]
[SourceQuality "1"]

{[%evp 15,83,4,28,26,33,33,33,37,83,85,80,49,67,67,78,52,76,67,59,62,78,82,110,117,172,168,170,151,377,249,317,320,312,316,428,432,499,169,151,150,191,56,286,252,170,183,296,0,0,0,0,0,12,0,43,0,0,0,0,0,0,0,0,0,0,-21,0,-8,-6,-22]} 1. d4 d5 2. c4 e6 3. Nc3 Nf6 4. cxd5 exd5 5. Bg5 Be7 6. Qc2 O-O 7. e3 Be6 8. Bd3 Nbd7 9. Nge2 {D35: Queen's Gambit Declined: Exchange Variation.} c5 10. O-O c4 11. Bf5 {White is slightly better.} Bxf5 12. Qxf5 {[#]} Nb6 $146 ({Predecessor:} 12... a6 13. a4 h6 14. Bf4 Qa5 15. e4 g6 16. Qh3 dxe4 17. Nxe4 h5 18. N2c3 Rfe8 {1-0 (51) Weber,J (2232)-Mukabi,J (2105) Mallorca 2004}) 13. f3 g6 14. Qc2 Nh5 15. Bh6 Bg5 16. Bxg5 Qxg5 17. e4 dxe4 18. fxe4 ({Much weaker is} 18. Qxe4 Rfe8 $11) 18... Rac8 19. Rf3 Rfd8 (19... Rc6 $16 {is a better defense.} 20. Raf1 Rf6) 20. Raf1 f6 21. h3 Rd6 $2 (21... Rf8 $16 {keeps fighting.} 22. a4 a6) 22. Kh1 Re6 23. g4 Ng7 24. Nf4 Ree8 25. Nfd5 Nd7 26. Nxf6+ $2 (26. e5 fxe5 27. Ne4) 26... Nxf6 $18 27. Rxf6 Qe3 28. Qg2 (28. R6f3 $18 Qxd4 29. Nd5) 28... Qxd4 $2 {[#]} ({Black should try} 28... Ne6 $1 $14) 29. Nb5 $1 {[%cal Rb5d4]} Qe5 30. Nd6 {[%mdl 64] Double Attack} Rf8 {[#]} (30... Ra8 {was necessary.} 31. Nxe8 Rxe8) 31. Rxf8+ $2 ({Not} 31. Nxc8 Rxf6 32. Rxf6 Qxf6 $11) (31. Nf7 $1 $18 {[%cal Rf7h6] White wants to mate with Nh6+.} Qe7 32. e5) 31... Rxf8 $11 32. Rxf8+ Kxf8 33. Nxc4 Qf4 {Strongly threatening ...Qc1+.} 34. Nd2 Ke8 35. Qe2 (35. Qh2 $5 {[%cal Rh2f4]} Ne6 36. Qxf4 Nxf4 37. Kh2 $14) 35... Ne6 {The position is equal.} 36. Qb5+ (36. Kg2 {with more complications.} Ke7 37. Qe1 Ng5 38. a3 b6 39. b4) 36... Kf8 37. Qf1 (37. Qd3 {keeps more tension.} Qf2 38. Qf3+ Qxf3+ 39. Nxf3 Nf4 40. Kh2) 37... Qxf1+ 38. Nxf1 Nf4 39. Kh2 Nd3 40. b3 Nc1 41. Kg3 Nxa2 42. Kf4 {Black escapes into a draw. Accuracy: White = 67%, Black = 44%.} 1/2-1/2